000 00713nam a2200289Ia 4500
005 20260324122924.0
008 008 260324s9999 xx 000 0 eng d
020 _a9780203112625
037 _aEBOOK
040 _aCRL
040 _beng
040 _cCRL
041 _2eng
041 _aeng
084 _qCRL
100 _aAlan Bond; Angus Morrison-Saunders; Richard Howitt
_91168341
245 0 _aSustainability Assessment
245 0 _bPluralism, practice and progress
260 _bTaylor and Francis
260 _c2012
365 _a
365 _b290
856 _uhttp://www.taylorfrancis.com/books/9780203112625
942 _cEBOOK
999 _c1761424
_d1761424